000 00198 a2200097 4500
001 5143
100 _aHallows,RW
245 _aAtoms & atomic energy
260 _a
_bChapman
_c
090 _c4277
_d4277
942 _aNUST-CAE
_cM
_c30575
999 _c240216
_d240216